Chemistry in the laboratory / (Record no. 2282)

MARC details
000 -LEADER
fixed length control field 00771cam a22002412 4500
001 - CONTROL NUMBER
control field 0000003893
005 - DATE AND TIME OF LATEST TRANSACTION
control field 20151217145743.0
008 - FIXED-LENGTH DATA ELEMENTS--GENERAL INFORMATION
fixed length control field 070516s xx 000 0 eng d
020 ## - INTERNATIONAL STANDARD BOOK NUMBER
International Standard Book Number 0716796066 :
Terms of availability KES 7,600
040 ## - CATALOGING SOURCE
Original cataloging agency KABU
Transcribing agency KABU
050 #0 - LIBRARY OF CONGRESS CALL NUMBER
Classification number QD45
Item number .P67 2004
100 1# - MAIN ENTRY--PERSONAL NAME
Personal name Postma, James M.
-- 0000154119
245 10 - TITLE STATEMENT
Title Chemistry in the laboratory /
Statement of responsibility, etc. James M. Postma, Julian L. Roberts, J. Leland Hollenbarg.
250 ## - EDITION STATEMENT
Edition statement 6th ed.
260 ## - PUBLICATION, DISTRIBUTION, ETC. (IMPRINT)
Place of publication, distribution, etc. New York :
Name of publisher, distributor, etc. W. H. Freeman,
Date of publication, distribution, etc. 2004.
300 ## - PHYSICAL DESCRIPTION
Extent xiv, [588] p.
650 #0 - SUBJECT ADDED ENTRY--TOPICAL TERM
Topical term or geographic name as entry element Chemistry
Form subdivision Laboratory manuals.
-- 0000154120
700 1# - ADDED ENTRY--PERSONAL NAME
Personal name Roberts, Julian L.
-- 0000154121
700 1# - ADDED ENTRY--PERSONAL NAME
Personal name Hollenberg, J. Leland.
-- 0000154122
908 ## - PUT COMMAND PARAMETER (RLIN)
Put command parameter 070516
950 ## - LOCAL HOLDINGS (RLIN)
-- 1
Holdings
Withdrawn status Lost status Source of classification or shelving scheme Not for loan Home library Current library Date acquired Total Checkouts Full call number Barcode Date last seen Price effective from Koha item type
    Library of Congress Classification   Kabarak, Main Campus Kabarak, Main Campus 17/12/2015   QD45 .P67 2004 004313 17/12/2015 17/12/2015 General Collection
Designed with assistance from East African Informatics Ltd